Mots-codes à trouver #3 - Statistiques

Statistiques générales
  • Ce quiz a été pris 132 fois
  • Le résultat moyen est 12 sur 22
Statistiques - réponses
Hint Réponse % Correct
GOUTTIERE / POISSON / HERBE / LANGUE / FELIN / SIAMOIS Chat
79%
OEIL / POISSON / PERCHE / GOUTTIERE / POILS / LANGUE Chat
79%
SOIN / FRAICHE / CAFE / SOLAIRE / PATISSIERE / BRULEE Creme
79%
GOLF / MEMOIRE / SERRURE / SOURIS / NOIR / EAU Trou
76%
SERRURE / PROBLEME / BRAS / VOÛTE / MOLETTE / CHAMPS Clé
74%
SPECTACLE / CAVALIER / MARTEAU / GIROFLE / POINTE / QUINCAILLERIE Clou
72%
MARCHÉ / GATEAU / PORTION / FAIRE / PARTAGE / TRANCHE Part
71%
VIDE / VITESSE / NIVEAU / AVIS / EXTRAIT / PIETON Passage
65%
MAITRE / CHAMBRE / PARTICULIER / VILLE / ETOILE / NUIT Hôtel
61%
FER / GORGE / ALERTE / STENDHAL / LEVRE / RUBIS Rouge
59%
DROIT / TABLE / FER / REBROUSSER / HALAGE / COMPOSTELLE Chemin
58%
CERCLE / CORDE / CIEL / TRIOMPHE / ARCADE / TIR Arc
57%
FOND / AIR / CHAMBRE / INSTRUMENT / NOTE / PARTITION Musique
45%
JARDIN / BEAUTE / DANSES / PROFESSIONNEL / FOIRE / AGRICULTURE Salon
45%
OREILLE / COEUR / FINE / BAIN / AMUSE / EAU Bouche
44%
VACHE / BRUME / DIABLE / PIED / PATISSERIE / IVOIRE Corne
40%
BLANC / NUIT / GROS / BAIN / ANE / SKI Bonnet
39%
VIE / HORAIRE / ANANAS / LIVRE / IMPOTS / MORCEAU Tranche
36%
VENGEANCE / JOUR / OEUF / PIED / PRINCIPAL / FAUX Plat
31%
FORT / VOIX / BANQUE / MEUBLE / JOUETS / TOIT Coffre
25%
GUITARE / VERBAL / MINEUR / PRINCIPE / VERBE / SIGNATURE Accord
23%
CHANCE / ORDRE / CONTRE / FÊTE / NUIT / AN Jour
23%
Aucun quiz correspondant
Distribution des résultats
% des personnes avec chaque résultat
Percentile par nombre de réponses
Votre historique - résultats
Vous n’avez pas pris ce quiz